[Event "URS Army-ch"]
[Site "Odessa"]
[Date "1991.??.??"]
[Round "?"]
[White "Karasev, Vladimir I"]
[Black "Belikov, Vladimir"]
[Result "1-0"]
[WhiteElo "2365"]
[BlackElo "2415"]

1.e4 c5 2.Nf3 Nc6 3.Bb5 e6 4.O-O Nge7 5.c3 a6 6.Ba4 b5 7.Bc2 Bb7 8.a4 b4
9.d4 bxc3 10.bxc3 cxd4 11.cxd4 Nb4 12.Ba3 Ng6 13.Nbd2 a5 14.Re1 Be7 15.Bb1 O-O
16.g3 Qb6 17.h4 Rfc8 18.h5 Nf8 19.Nf1 Rc7 20.Ne3 Rac8 21.Ne5 d6 22.Nf3 Nd7
23.Bb2 Nf6 24.d5 e5 25.Ba3 Nxh5 26.Nxe5 dxe5 27.Qxh5 Qd4 28.Ba2 g6 29.Qf3 Nd3
30.Bxe7 Nxe1 31.Rxe1 Rxe7 32.Ng4 Qd2 33.Re2 Qg5 34.d6 Re6 35.Bxe6 fxe6 36.Nf6+ Kg7
37.d7 Rd8 38.Ne8+ Kg8 39.Qf6 Qxf6 40.Nxf6+  1-0

[Event "Oostende op"]
[Site "Oostende"]
[Date "1991.??.??"]
[Round "5"]
[White "Motwani, Paul"]
[Black "Vyzmanavin, Alexey"]
[Result "1/2-1/2"]
[WhiteElo "2440"]
[BlackElo "2590"]

1.e4 c5 2.Nf3 Nc6 3.Bb5 g6 4.O-O Bg7 5.Re1 e5 6.Bxc6 dxc6 7.d3 Qe7 8.Nbd2 Nh6
9.a3 O-O 10.b4 Be6 11.bxc5 Qxc5 12.a4 Qa5 13.Ba3 Rfe8 14.Qb1 b6 15.Bb4 Qa6
16.a5 b5 17.Ng5 Rad8 18.Nxe6 Rxe6 19.Nb3 Qc8 20.a6 Bf8 21.Bxf8 Rxf8 22.Qc1 Kg7
23.Qe3 Qc7 24.Nc5 Re7 25.Reb1 Ng4 26.Qe2 f5 27.h3 Nf6 28.c4 Qb6 29.Nb7 fxe4
30.dxe4 Qd4 31.cxb5 Nxe4 32.Qe3 Nc3 33.Re1 Nxb5 34.Rad1 Qb4 35.Nc5 Nc3 36.Rd7 Rff7
37.Rb7 Qc4 38.Rxe7 Rxe7 39.Nb7 Nb5 40.Qg5  1/2-1/2

[Event "Oslo Cup"]
[Site "Oslo"]
[Date "1991.??.??"]
[Round "1"]
[White "Watson, William N"]
[Black "Groenn, Atle"]
[Result "1-0"]
[WhiteElo "2505"]
[BlackElo "2365"]

1.e4 c5 2.Nf3 Nc6 3.Bb5 g6 4.O-O Bg7 5.c3 Nf6 6.Re1 O-O 7.d4 cxd4 8.cxd4 d5
9.e5 Ne4 10.Nc3 Nxc3 11.bxc3 Qa5 12.a4 Bg4 13.Re3 Qc7 14.h3 Bd7 15.Ba3 Bh6
16.Re1 Rfe8 17.Bc1 Bg7 18.Bd2 Qc8 19.Qb3 a6 20.Bf1 e6 21.Nh2 Na5 22.Qc2 Qd8
23.Qd3 Nc4 24.Ng4 g5 25.Bc1 h5 26.Nh2 f5 27.exf6 Qxf6 28.Qg3 Bh6 29.Nf3 Re7
30.Bxc4 dxc4 31.Bxg5 Bxg5 32.Qxg5+ Qxg5 33.Nxg5 Rf8 34.Re5 Rf5 35.Ne4 Bc6
36.Rxf5 exf5 37.Nf6+ Kf7 38.Nxh5 Re2 39.Nf4 Rc2 40.d5 Bd7 41.Re1 Rxc3 42.d6 Bc6
43.h4 Rc2 44.Re7+ Kf6 45.Re6+ Kf7 46.Re7+ Kf6 47.Re6+ Kf7 48.h5 Rc1+ 49.Kh2 c3
50.h6 c2 51.Re7+ Kf6 52.Nd3  1-0

[Event "Oviedo rapid"]
[Site "Oviedo"]
[Date "1991.??.??"]
[Round "3"]
[White "Sanz Alonso, Francisco Javier"]
[Black "Frois, Antonio"]
[Result "1-0"]
[WhiteElo "2415"]
[BlackElo "2400"]

1.e4 c5 2.Nf3 Nc6 3.Bb5 Nf6 4.Nc3 g6 5.e5 Ng4 6.Bxc6 dxc6 7.h3 Nh6 8.g4 Bg7
9.d3 f5 10.g5 Nf7 11.Bf4 Be6 12.Qe2 Qa5 13.Bd2 Qc7 14.O-O-O O-O-O 15.Rhe1 h6
16.gxh6 Bxh6 17.Bxh6 Rxh6 18.h4 Bd5 19.Nxd5 Rxd5 20.c4 Rd8 21.Qe3 b6 22.e6 f4
23.Qe4 Nh8 24.d4 cxd4 25.Rxd4 Rxd4 26.Qxd4 Rh7 27.Rd1 g5 28.hxg5  1-0

[Event "Oviedo rapid"]
[Site "Oviedo"]
[Date "1991.??.??"]
[Round "3"]
[White "Beltran, Santiago"]
[Black "Yakovich, Yuri"]
[Result "1/2-1/2"]
[WhiteElo "2315"]
[BlackElo "2530"]

1.e4 c5 2.Nf3 Nc6 3.Bb5 g6 4.O-O Bg7 5.Re1 e5 6.Bxc6 dxc6 7.d3 Qe7 8.Nbd2 Nh6
9.Nc4 f6 10.h3 O-O 11.Be3 Nf7 12.Qd2 Be6 13.Qc3 b6 14.Nh2 f5 15.f3 f4 16.Bf2 Rab8
17.a3 g5 18.b4 cxb4 19.axb4 h5 20.Nd2 Rbc8 21.Ra4 Rfd8 22.Rea1 Rc7 23.Nb3 Nh6
24.Nd2 g4 25.hxg4 hxg4 26.fxg4 Nxg4 27.Ndf3 Bf6 28.Qe1 Nxh2 29.Nxh2 Qh7 30.Nf3 Rg7
31.Bh4 Rf8 32.Bxf6 Rxf6 33.Qh4 Qg6 34.Qf2 Qh5 35.Rxa7 Rxg2+ 36.Qxg2+ Rg6
37.Ra8+ Kg7 38.R1a7+  1/2-1/2

[Event "Oviedo rapid"]
[Site "Oviedo"]
[Date "1991.??.??"]
[Round "4"]
[White "Sanz Alonso, Francisco Javier"]
[Black "Illescas Cordoba, Miguel"]
[Result "1/2-1/2"]
[WhiteElo "2415"]
[BlackElo "2545"]

1.e4 c5 2.Nf3 Nc6 3.Bb5 g6 4.O-O Bg7 5.c3 Nf6 6.Re1 O-O 7.d4 d5 8.e5 Ne4
9.h3 Qb6 10.Bxc6 bxc6 11.dxc5 Qxc5 12.Be3 Qb5 13.Qb3 Qa6 14.Qa3 Qxa3 15.Nxa3 Rb8
16.b3 Nxc3 17.Bxa7 Ra8 18.Bd4 Ne4 19.Nc2 c5 20.Bb2 Bb7 21.Red1 f6 22.exf6 Bxf6
23.Bxf6 Rxf6 24.b4 Nc3 25.Re1 d4 26.bxc5 Bxf3 27.Nxd4 Bd5 28.Rxe7 Ra4 29.Ne2 Nxe2+
30.Rxe2 Rfa6 31.Rd1 Rxa2 32.Rxa2 Bxa2 33.Rd8+ Kg7 34.Rd7+ Bf7 35.Rd3 Ra1+
36.Kh2 Rc1 37.Kg3 Rxc5  1/2-1/2

[Event "Palma de Mallorca op"]
[Site "Palma de Mallorca"]
[Date "1991.??.??"]
[Round "?"]
[White "De la Villa Garcia, Jesus Maria"]
[Black "Vazquez, Renier"]
[Result "0-1"]
[WhiteElo "2475"]
[BlackElo "2460"]

1.e4 c5 2.Nf3 Nc6 3.Bb5 d6 4.d4 cxd4 5.Qxd4 Bd7 6.Bxc6 Bxc6 7.c4 Nf6 8.Nc3 g6
9.O-O Bg7 10.Qd3 O-O 11.Nd4 Qb6 12.Rd1 Ng4 13.Qd2 Qc5 14.h3 Nf6 15.Qd3 Nd7
16.b3 Rac8 17.Be3 Qe5 18.f3 a6 19.Rac1 Qa5 20.Qd2 Rfe8 21.Rc2 Nf6 22.Rdc1 Bd7
23.a4 Be6 24.Rb1 Rb8 25.b4 Qe5 26.Nxe6 fxe6 27.Bf4 Qh5 28.Kh2 Nd7 29.Be3 Rbc8
30.Ne2 Be5+ 31.f4 Bg7 32.e5 Rcd8 33.Nd4 Nf8 34.g4 Qh6 35.exd6 Rxd6 36.Qf2 Red8
37.Nf3 Rd3 38.Re1 Bc3 39.Rb1 e5 40.g5 Qg7 41.Rxc3 Rxc3 42.Nxe5 Ne6 43.Re1 Nxg5
44.Qb2 Rdd3 45.h4 Nf3+ 46.Nxf3 Rxe3 47.Rxe3 Rxe3 48.Qd2 Qc3 49.Qd5+ Kg7 50.Kg2 Qc2+
51.Kg3 Qe4  0-1

[Event "CSR-chJ"]
[Site "Pardubice"]
[Date "1991.??.??"]
[Round "?"]
[White "Rasik, Vitezslav"]
[Black "Dudas, Jan"]
[Result "1-0"]
[WhiteElo "2410"]
[BlackElo "2290"]

1.e4 c5 2.Nf3 Nc6 3.Bb5 e6 4.Bxc6 dxc6 5.O-O Ne7 6.b3 Ng6 7.e5 Be7 8.Bb2 b6
9.d3 Ba6 10.Nbd2 O-O 11.Qe2 Qd5 12.Ne4 Rfd8 13.Rfe1 Bf8 14.Qe3 Qd7 15.Qg5 Rac8
16.h4 Kh8 17.h5 h6 18.Qg4 Ne7 19.Nd6 Nf5 20.Nxc8 Bxc8 21.Rad1 Ba6 22.c4 b5
23.Qf4 Nd4 24.Re4 Nxf3+ 25.Qxf3 bxc4 26.bxc4 Rb8 27.Bc3 Qe8 28.Ree1 Be7 29.Rb1 Rxb1
30.Rxb1 Bg5 31.Rb3 Kg8 32.Qd1 Qd8 33.Qb1 Kh7 34.Rb8 Qd7 35.d4+ g6 36.hxg6+ fxg6
37.dxc5 h5 38.Qe4 Kg7 39.Qd4  1-0

[Event "Paris-ch"]
[Site "Paris"]
[Date "1991.??.??"]
[Round "2"]
[White "Chevallier, Didier"]
[Black "Hartereau, Philippe"]
[Result "1/2-1/2"]
[WhiteElo "2260"]
[BlackElo "2170"]

1.e4 c5 2.Nf3 Nc6 3.Bb5 g6 4.O-O Bg7 5.Re1 e5 6.Bxc6 dxc6 7.d3 Ne7 8.Be3 b6
9.Nbd2 O-O 10.Nc4 Qc7 11.Qd2 f6 12.Qc3 Be6 13.a3 Kh8 14.b4 cxb4 15.axb4 Ng8
16.Ra6 Bh6 17.Rea1 Bxe3 18.fxe3 Rfb8 19.Rf1 Rb7 20.d4 Bxc4 21.Qxc4 Re8 22.dxe5 fxe5
23.Ng5 Qe7 24.h4 Nh6 25.Raa1 c5 26.b5 Rd7 27.Rf3 Rf8 28.Rxf8+ Qxf8 29.Qe6 Qe7
30.Qc6 Nf7 31.Rf1 Nxg5 32.hxg5 Rd6 33.Qc8+ Kg7 34.Qg4 Qd7 35.Qh4 Qe7 36.Qf2 Rd8
37.Qh4 Rd6  1/2-1/2

[Event "Paris-ch"]
[Site "Paris"]
[Date "1991.??.??"]
[Round "7"]
[White "Chaplin, Erik"]
[Black "Lecuyer, Christian"]
[Result "1-0"]
[WhiteElo "2265"]
[BlackElo "2310"]

1.e4 c5 2.Nf3 Nc6 3.Bb5 e6 4.O-O Nge7 5.Nc3 Ng6 6.d4 cxd4 7.Nxd4 Be7 8.Be3 O-O
9.f4 a6 10.Bxc6 bxc6 11.Qh5 f6 12.Rf3 Rf7 13.Rh3 Nf8 14.f5 c5 15.fxe6 dxe6
16.Nc6 Qc7 17.Nxe7+ Rxe7 18.Qxc5 Rb8 19.b4 Rd7 20.Qxc7 Rxc7 21.Bc5 Rd7 22.Rd3 Rxd3
23.cxd3 e5 24.Nd5 Ne6 25.Bd6  1-0

[Event "Philadelphia World op"]
[Site "Philadelphia"]
[Date "1991.??.??"]
[Round "6"]
[White "Harris, Derek JE"]
[Black "Waitzkin, Joshua"]
[Result "1-0"]
[WhiteElo "2240"]
[BlackElo "2295"]

1.e4 c5 2.Nf3 Nc6 3.Bb5 g6 4.O-O Bg7 5.Re1 Nf6 6.c3 O-O 7.h3 e5 8.a4 Qc7
9.b3 Re8 10.Ba3 a6 11.Bf1 b6 12.d3 d5 13.Nbd2 Bb7 14.Qc2 Na7 15.Rac1 Rac8
16.Qa2 Qd7 17.g3 Rcd8 18.a5 Nb5 19.Bb2 dxe4 20.Nxe4 Nxe4 21.dxe4 Nd6 22.Rcd1 Qc8
23.Nd2 b5 24.Bg2 Bh6 25.Nf1 c4 26.b4 Qa8 27.Qb1 f5 28.f3 fxe4 29.fxe4 Qa7+
30.Kh2 Qf2 31.Bc1 Bxc1 32.Rxc1 Nf7 33.Rc2 Qf6 34.Ne3 Rd3 35.Ng4 Qg5 36.Rf1 Kg7
37.Qe1 Qe7 38.Rcf2 Nd6 39.Qc1 g5 40.Nf6 h6 41.h4 gxh4 42.gxh4 Rf8 43.Bh3 Rxh3+
44.Kxh3 Qe6+ 45.Kh2 Nf7 46.Rg1+ Kh8 47.Rg6 Bxe4 48.Rxh6+ Kg7 49.Nh5+  1-0

[Event "Podgorica"]
[Site "Podgorica"]
[Date "1991.??.??"]
[Round "3"]
[White "Marinovic, Bozidar"]
[Black "Andonov, Bogomil"]
[Result "1/2-1/2"]
[WhiteElo "2355"]
[BlackElo "2365"]

1.e4 c5 2.Nf3 Nc6 3.Bb5 Nf6 4.e5 Nd5 5.O-O Nc7 6.Bxc6 dxc6 7.h3 g6 8.d3 Bg7
9.Be3 b6 10.Qd2 O-O 11.Bh6 Be6 12.Nc3 f5 13.exf6 exf6 14.Bxg7 Kxg7 15.Rfe1 Qd7
16.Re2 Rae8 17.Rae1 Bf7 18.Rxe8 Rxe8 19.Rxe8 Qxe8 20.Qe3 Qd7 21.a3 h6 22.Nd2 Ne6
23.Ne2 Nd4 24.Nxd4 cxd4 25.Qe4 c5 26.Nc4 g5 27.Qe2 Bd5 28.Nd2 Qe6 29.Qxe6 Bxe6
30.a4 Kf7 31.Kf1 Bd5 32.f3 Ke7 33.Ke2 f5 34.g3 f4 35.g4 a6 36.Kf2 b5 37.axb5 axb5
38.b3 Kd6 39.Ke2 Kc6 40.Kf2 Kb6 41.Ne4 Kc6 42.Ke2 Bxe4  1/2-1/2

[Event "Podgorica"]
[Site "Podgorica"]
[Date "1991.??.??"]
[Round "3"]
[White "Levacic, Patrick"]
[Black "Janakiev, Ivan"]
[Result "0-1"]
[WhiteElo "2230"]
[BlackElo "2310"]

1.e4 c5 2.Nf3 Nc6 3.Bb5 g6 4.O-O Bg7 5.Re1 Nd4 6.Nxd4 cxd4 7.c4 e6 8.d3 Ne7
9.Nd2 O-O 10.e5 d6 11.exd6 Qxd6 12.Ne4 Qc7 13.Qf3 f6 14.Bd2 e5 15.Bb4 Kh8
16.Nd6 a6 17.Ba4 Ra7 18.Qe4 Bf5 19.Nxf5 gxf5 20.Qf3 f4 21.Bb3 Re8 22.Qh5 Ng6
23.Bd1 Qb6 24.Ba3 Bf8 25.Bxf8 Rxf8 26.Rb1 Qe6 27.Bf3 b6 28.Bd5 Qc8 29.Be4 f5
30.Bd5 Rg7 31.Kh1 Qd8 32.b4 Qd6 33.a4 Ne7 34.Qf3 Rf6 35.Qe2 Nxd5 36.cxd5 Qxd5
37.f3 Re7 38.Rbc1 Rc6 39.Qb2 Kg7 40.b5 axb5 41.Rxc6 Qxc6 42.Rc1 Qd5 43.Qb4 Rf7
44.Qxb5 Qxb5 45.axb5 Ra7 46.Kg1 Ra5 47.Rc7+ Kg8 48.Rc8+ Kf7 49.Rc7+ Ke8 50.Rxh7 Rxb5
51.h4 Rb1+ 52.Kf2 Rb2+ 53.Kg1 e4 54.fxe4 fxe4 55.Rh5 Rb1+ 56.Kf2 exd3 57.Re5+ Kf7  0-1

[Event "Podgorica"]
[Site "Podgorica"]
[Date "1991.??.??"]
[Round "5"]
[White "Brajovic, Radovan"]
[Black "Andonov, Bogomil"]
[Result "1/2-1/2"]
[WhiteElo "2285"]
[BlackElo "2365"]

1.e4 c5 2.Nf3 Nc6 3.Bb5 Nf6 4.Nc3 g6 5.e5 Ng4 6.Bxc6 dxc6 7.h3 Nh6 8.O-O Nf5
9.Re1 Bg7 10.d3 Nd4 11.Bf4 O-O 12.Ne4 b6 13.Nxd4 cxd4 14.Qd2 Qd5 15.Ng5 c5
16.a3 f6 17.exf6 exf6 18.Ne4 Bb7 19.f3 g5 20.Bh2 Rad8 21.b3 h6 22.Re2 f5
23.Nf2 Rfe8 24.Rae1 Bc6 25.Rxe8+ Rxe8 26.Rxe8+ Bxe8 27.Qe2 Kf7 28.g4 f4 29.h4 Bc6
30.hxg5 hxg5 31.Kg2 Qd6 32.Ne4 Qe5 33.Bg1 Bf8 34.a4 Be7 35.Bf2 a6 36.Qf1 Qh8
37.Qe1 Qe5 38.Qh1 Kg7 39.Qf1 Qc7 40.Qe1 Qd7 41.Qe2 Kf7 42.Qe1 Qc8 43.Qh1 Kg7
44.Qe1 Bd5 45.Kg1 Kf7 46.Kg2 Qa8 47.Qh1 Kg7 48.Qe1 Qc6 49.Qe2 Kf7 50.Qe1 Bf6
51.Qh1 Bxe4 52.dxe4 Kg7 53.Qe1 Be5 54.Qd2 Qd7 55.Qd3 b5 56.axb5 axb5 57.Kf1 Qc6
58.Qd2 Qa6 59.Be1 Qa2 60.Qa5 Qxc2 61.Qxb5 d3 62.Qd7+ Kh6 63.Qe6+ Kh7 64.Qf5+ Kh6
65.Qe6+ Kh7 66.Qf7+ Bg7 67.Qh5+  1/2-1/2

[Event "Podgorica"]
[Site "Podgorica"]
[Date "1991.??.??"]
[Round "5"]
[White "Marinovic, Bozidar"]
[Black "Janakiev, Ivan"]
[Result "1/2-1/2"]
[WhiteElo "2355"]
[BlackElo "2310"]

1.e4 c5 2.Nf3 Nc6 3.Bb5 g6 4.O-O Bg7 5.Re1 Nd4 6.Nxd4 cxd4 7.c4 e5 8.d3 Ne7
9.Nd2 O-O 10.c5 Qc7 11.Nb3 Kh8 12.Bd2 b6 13.Rc1 d6 14.cxb6 Qxb6 15.Bc4 a5
16.Re2 a4 17.Na1 f5 18.Bg5 Bf6 19.Bh6 Rd8 20.Rec2 fxe4 21.dxe4 Bb7 22.Qg4 d5
23.Bd3 Rac8 24.h4 Rxc2 25.Rxc2 dxe4 26.Bxe4 Bc8 27.Qf3 Bxh4 28.b3 Bf5 29.g4 d3
30.Rd2 Bxe4 31.Qxe4 Qd4 32.Qxd4 Rxd4 33.bxa4 Rxg4+ 34.Kf1 Rxa4 35.Nb3 e4
36.Rb2 Kg8 37.Nc5 Ra8 38.Nxe4 Nf5 39.Bd2 Re8 40.Rb4 Rc8 41.a4 Be7 42.Rb3 Rc4
43.Ng3 Nd4 44.Rxd3 Rxa4 45.Kg2 h5 46.Be3 Ne6 47.Rd7 Kf7 48.Ra7 Rxa7 49.Bxa7 Bd6
50.Ne4 Bf4 51.Bb6 g5 52.f3 Kg6 53.Nc5 Ng7 54.Nd3 Bb8 55.Be3 Kf5 56.Nf2 Ne6
57.Nh3 Bf4 58.Bb6 Bd2 59.Ba7 h4 60.Bf2 Ke5 61.Nxg5 Bxg5 62.Kh3 Kf5  1/2-1/2

[Event "Podgorica"]
[Site "Podgorica"]
[Date "1991.??.??"]
[Round "7"]
[White "Brajovic, Radovan"]
[Black "Janakiev, Ivan"]
[Result "1-0"]
[WhiteElo "2285"]
[BlackElo "2310"]

1.e4 c5 2.Nf3 Nc6 3.Bb5 g6 4.O-O Bg7 5.c3 a6 6.Bxc6 dxc6 7.h3 Nf6 8.Re1 O-O
9.d4 cxd4 10.cxd4 Qc7 11.Nc3 Rd8 12.Bg5 Be6 13.Qd2 Ne8 14.Rac1 f6 15.Bf4 Qa5
16.e5 Bd5 17.b4 Qb6 18.exf6 Nxf6 19.Ne5 a5 20.a3 axb4 21.axb4 Qxb4 22.Rb1 Qa3
23.Rxb7 c5 24.Nxd5 Rxd5 25.Nc6 Bf8 26.Qe2 cxd4 27.Qe6+ Kh8 28.Nxe7 Bxe7 29.Rxe7 Rf5
30.Bh6  1-0

[Event "Porz op27"]
[Site "Porz"]
[Date "1991.??.??"]
[Round "7"]
[White "Glek, Igor V"]
[Black "Niesel, Matthias"]
[Result "0-1"]
[WhiteElo "2540"]
[BlackElo "2285"]

1.e4 c5 2.Nf3 Nc6 3.Bb5 a6 4.Bxc6 dxc6 5.d3 Qc7 6.a4 a5 7.Nbd2 e5 8.Nc4 Bd6
9.O-O Ne7 10.Nh4 O-O 11.g4 b5 12.Nxd6 Qxd6 13.Kh1 c4 14.f4 cxd3 15.fxe5 Qxe5
16.cxd3 b4 17.Qe2 Ba6 18.Bf4 Qd4 19.Rad1 Rad8 20.Nf3 Qd7 21.Ne5 Qe6 22.Nc4 Rxd3
23.Rxd3 Bxc4 24.Rfd1 Bxd3 25.Rxd3 Nd5 26.Bg3 Re8 27.Rd4 c5 28.Rd1 Nf6 29.e5 Nxg4
30.Qb5 Nxe5 31.Qxc5 Qc6+ 32.Qxc6 Nxc6 33.Bc7 g6 34.b3 Re3 35.Rd6 Rc3 36.Bb6 h5
37.Kg2 Kg7 38.Bf2 g5 39.Be1 Rc2+ 40.Kf3 f6 41.Bd2 Kg6 42.Ke4 Ne5 43.Rd5 Rb2
44.Bc1 Rb1 45.Rc5 Ng4 46.Bd2 Rxb3 47.Rxa5 Nf2+ 48.Kd4 Rd3+ 49.Kc4 Rxd2 50.Kxb4 Ne4
51.Ra8 Rxh2 52.a5 Ra2 53.Re8 Kf5  0-1

[Event "JUG-Cup final"]
[Site "Pula"]
[Date "1991.??.??"]
[Round "1"]
[White "Romanishin, Oleg M"]
[Black "Ivanovic, Bozidar"]
[Result "1-0"]
[WhiteElo "2610"]
[BlackElo "2535"]

1.e4 c5 2.Nf3 Nc6 3.Bb5 g6 4.O-O Bg7 5.c3 Nf6 6.Re1 a6 7.Bxc6 dxc6 8.h3 c4
9.b3 cxb3 10.axb3 c5 11.Ba3 b6 12.d4 cxd4 13.cxd4 O-O 14.Nc3 Bb7 15.Rc1 Re8
16.Qd2 Rc8 17.Qe3 e6 18.Ne5 Rc7 19.Nc4 Rc6 20.Red1 Bf8 21.Bxf8 Rxf8 22.f3 Re8
23.e5 Nd5 24.Qd2 Nxc3 25.Rxc3 Re7 26.Nd6 Rxc3 27.Qxc3 Rc7 28.Qd3 Bd5 29.Qxa6 Bxf3
30.Rf1 Bd5 31.Qxb6 Qg5 32.Rf2 Qc1+ 33.Kh2 Qe3 34.Qb8+ Kg7 35.Ne8+ Kh6 36.Nf6  1-0

[Event "Salo op"]
[Site "Salo"]
[Date "1991.??.??"]
[Round "1"]
[White "Kiik, Kalle"]
[Black "Haapasalo, Jukka Pekka"]
[Result "1-0"]
[WhiteElo "2425"]
[BlackElo "2240"]

1.e4 c5 2.Nf3 Nc6 3.Bb5 g6 4.O-O Bg7 5.Re1 e5 6.b4 cxb4 7.a3 b3 8.cxb3 Nge7
9.Bb2 O-O 10.b4 d6 11.d3 a5 12.bxa5 Bg4 13.Nbd2 Bh6 14.Nc4 Nxa5 15.Nxa5 Qxa5
16.a4 Nc6 17.h3 Bxf3 18.Qxf3 Bd2 19.Red1 Bc3 20.Bxc3 Qxc3 21.Rac1 Qa3 22.Ra1 Qc5
23.Qf6 Nd4 24.Bc4 Qc6 25.h4 Qd7 26.Rdb1 Ne2+ 27.Kh2 Nf4 28.Rb6 h6 29.f3 Rad8
30.Rab1 d5 31.Rxb7  1-0

[Event "San Fernando op"]
[Site "San Fernando"]
[Date "1991.??.??"]
[Round "?"]
[White "Reyes, Juan"]
[Black "Palermo, Vicente"]
[Result "1/2-1/2"]
[WhiteElo "2415"]
[BlackElo "2280"]

1.e4 c5 2.Nf3 Nc6 3.Bb5 e6 4.O-O Nge7 5.b3 e5 6.Bb2 d6 7.c3 Ng6 8.d4 Bd7
9.Nbd2 Be7 10.dxc5 dxc5 11.Nc4 O-O 12.Re1 Qc7 13.Ne3 Rad8 14.Qc2 a6 15.Bxc6 Qxc6
16.c4 f6 17.Nd5 Bd6 18.Nd2 Rf7 19.Rad1 Nf8 20.Nf1  1/2-1/2

[Event "San Francisco"]
[Site "San Francisco"]
[Date "1991.??.??"]
[Round "2"]
[White "Torre, Eugenio"]
[Black "Fedorowicz, John P"]
[Result "1-0"]
[WhiteElo "2530"]
[BlackElo "2555"]

1.e4 c5 2.Nf3 Nc6 3.Bb5 e6 4.O-O Nge7 5.c3 a6 6.Ba4 b5 7.Bc2 d5 8.e5 d4 9.Be4 Bb7
10.d3 Ng6 11.Re1 Be7 12.cxd4 cxd4 13.Nbd2 O-O 14.Nb3 Rb8 15.Bd2 b4 16.Rc1 Qb6
17.h4 Rfc8 18.h5 Nf8 19.h6 g6 20.Bg5 Bxg5 21.Nxg5 Nd7 22.Bxc6 Bxc6 23.Qg4  1-0

[Event "San Sebastian op"]
[Site "San Sebastian"]
[Date "1991.??.??"]
[Round "2"]
[White "De la Riva Aguado, Oscar"]
[Black "Urday, Henry"]
[Result "1-0"]
[WhiteElo "2360"]
[BlackElo "2480"]

1.e4 c5 2.Nf3 Nc6 3.Bb5 e6 4.O-O Nge7 5.b3 Nd4 6.Nxd4 cxd4 7.Bb2 a6 8.Bd3 Nc6
9.c3 Bc5 10.Na3 O-O 11.Qh5 d6 12.Nc2 Ne5 13.Qe2 dxc3 14.dxc3 Bd7 15.Rad1 Qh4
16.Ne1 Bc6 17.Bb1 f5 18.c4 Rae8 19.Bd4 f4 20.Bxe5 dxe5 21.Nf3 Qh5 22.Qd2 Rf6
23.h3 Bb6 24.b4 Bd7 25.Qe2 Qf7 26.b5 Bc7  1-0

[Event "San Sebastian op"]
[Site "San Sebastian"]
[Date "1991.??.??"]
[Round "4"]
[White "Damljanovic, Branko"]
[Black "Zaichik, Gennadi"]
[Result "1/2-1/2"]
[WhiteElo "2560"]
[BlackElo "2455"]

1.Nf3 c5 2.e4 Nc6 3.Bb5 e6 4.O-O Nge7 5.Re1 a6 6.Bf1 d5 7.exd5 Nxd5 8.d4 Nf6
9.Be3 Be7 10.Nc3 cxd4 11.Nxd4 Nxd4 12.Bxd4 Bd7 13.Qd3 Bc6 14.Rad1 Qa5 15.Qg3 O-O
16.Bd3 Rfd8 17.Be5 Qb4 18.h3 Nh5 19.Qe3 Bf6 20.Bxf6 Nxf6 21.Qc1 Rd7 22.a3 Qh4
23.Bf1 Rad8 24.Rxd7 Rxd7 25.Rd1 h6 26.Rxd7 Nxd7 27.Qe3 Qf6 28.f3 e5 29.Bd3 Nf8
30.Be4 Ng6 31.Bxg6 Qxg6 32.Ne4 Qe6 33.b3 Qd5 34.Nd2 f6 35.c4 Qa5 36.b4 Qa4
37.c5 Qd1+ 38.Kf2 Qc1 39.Qd3 Bb5 40.Qd6 Kh7 41.Ne4 Bc6 42.Qd3 Kh8 43.Qc3 Qb1
44.Nd6 h5 45.Kg3 Qg1 46.h4 g5 47.Nf5 Bd7 48.Qd2 Bxf5 49.Qd8+ Kg7 50.Qe7+  1/2-1/2

[Event "Santa Clara"]
[Site "Santa Clara"]
[Date "1991.??.??"]
[Round "1"]
[White "Magem Badals, Jorge"]
[Black "Remon, Adelquis"]
[Result "1-0"]
[WhiteElo "2490"]
[BlackElo "2375"]

1.e4 c5 2.Nf3 Nc6 3.Bb5 g6 4.O-O a6 5.Bxc6 bxc6 6.d4 cxd4 7.Qxd4 f6 8.e5 Bg7
9.Bf4 fxe5 10.Bxe5 Nf6 11.Qc4 Qb6 12.Nc3 d5 13.Na4 Qa7 14.Qd4 Bf5 15.Qxa7 Rxa7
16.Nd4 Bd7 17.Nc5 Nh5 18.Rfe1 Rf8 19.Rad1 Rf7 20.Rd3 Bxe5 21.Rxe5 Rf4 22.g3 Rf6
23.Rde3 Bh3 24.Rb3 Rd6 25.f4 Nf6 26.Rb8+ Kf7 27.Rb7 Rxb7 28.Nxb7 Rd7 29.Nxc6 d4
30.Re1 Rc7 31.Nba5 Rd7 32.Ne5+ Ke8 33.Nxd7 Nxd7 34.Rd1 e5 35.fxe5 Nxe5 36.Re1 Kd7
37.Rxe5 Kd6 38.Re1  1-0

[Event "Santa Clara"]
[Site "Santa Clara"]
[Date "1991.??.??"]
[Round "3"]
[White "Ulibin, Mikhail"]
[Black "Estevez, Guillermo"]
[Result "1-0"]
[WhiteElo "2565"]
[BlackElo "2350"]

1.e4 c5 2.Nf3 Nc6 3.Bb5 e6 4.O-O Nge7 5.Re1 Nd4 6.a4 Ng6 7.Nxd4 cxd4 8.c3 a6
9.Bf1 Bc5 10.b4 Be7 11.cxd4 Bxb4 12.Qb3 Be7 13.Nc3 b6 14.Ba3 d6 15.Rab1 Rb8
16.d5 O-O 17.dxe6 Bxe6 18.Nd5 Kh8 19.Bxa6 f5 20.exf5 Bxf5 21.Rbc1 Bg5 22.Rc6 Bxd2
23.Rd1 Be4 24.Rxd6 Qg5 25.Qg3 Bc2 26.Qxg5 Bxg5 27.Rd4 Rbe8 28.Bf1 Re1 29.Rxg6 hxg6
30.Bxf8 Bc1 31.Bb4  1-0

[Event "Santa Clara"]
[Site "Santa Clara"]
[Date "1991.??.??"]
[Round "6"]
[White "Antunes, Antonio"]
[Black "Ulibin, Mikhail"]
[Result "1/2-1/2"]
[WhiteElo "2460"]
[BlackElo "2565"]

1.e4 c5 2.Nf3 Nc6 3.Bb5 g6 4.O-O Bg7 5.c3 Nf6 6.Re1 O-O 7.d4 d5 8.exd5 Qxd5
9.dxc5 Qxc5 10.Bf1 Rd8 11.Nbd2 Bf5 12.h3 Nd5 13.Qa4 e5 14.Ne4 Qf8 15.Bd2 h6
16.Rad1 Be6 17.b4 Nb6 18.Qb5 Bxa2 19.Be3 Bb3 20.Rxd8 Qxd8 21.Ra1 Nd5 22.Qxb7 Nxe3
23.fxe3 Bd5 24.Nfd2 Nd4 25.Qa6 Nc2 26.Ra5 Bxe4 27.Nxe4 Nxe3 28.Be2 Qh4 29.Nf2 h5
30.Qb7 Rf8 31.Rxa7 Bh6 32.Qf3 Bf4 33.Nd3 Rd8 34.Nxf4 exf4 35.b5 Rd1+ 36.Kh2 Qe1
37.Bxd1 Nf1+ 38.Qxf1 Qxf1 39.b6 Qf2 40.Ra8+ Kg7 41.b7 Qg3+  1/2-1/2

[Event "Santa Clara"]
[Site "Santa Clara"]
[Date "1991.??.??"]
[Round "8"]
[White "Antunes, Antonio"]
[Black "Pigusov, Evgeny"]
[Result "1-0"]
[WhiteElo "2460"]
[BlackElo "2540"]

1.e4 c5 2.Nf3 Nc6 3.Bb5 g6 4.O-O Bg7 5.c3 e5 6.d4 cxd4 7.cxd4 exd4 8.Bf4 Nge7
9.Bd6 O-O 10.Nbd2 b6 11.a4 Bb7 12.Bc4 Na5 13.Ba2 Ba6 14.Re1 Nb7 15.Ba3 Nc5
16.Nb3 Nd3 17.Re2 Nf4 18.Rd2 d3 19.g3 Ne6 20.Bb1 Bh6 21.Bxd3 Bxd2 22.Bxa6 Bh6
23.Ne5 Bg7 24.Nxd7 Re8 25.Rc1 Nd4 26.Nxd4 Qxd7 27.Nb5 Qxd1+ 28.Rxd1 Bf8 29.Rc1 Red8
30.Rc7 Rd1+ 31.Kg2 Re8 32.Nxa7 Ra1 33.Bc4 Rxa3 34.bxa3 Rb8 35.f4 Kg7 36.h4 h6
37.g4 g5 38.fxg5 hxg5 39.h5 Kf6 40.Kf3 Rd8 41.Rb7 Rd6 42.Nc8 Rc6 43.Nxe7 Rxc4
44.Nd5+ Ke6 45.Rb8 Bc5 46.h6 Rxa4 47.h7 Rxa3+ 48.Ke2 Bd4 49.Rxb6+ Kd7 50.Nf6+ Bxf6
51.Rxf6 Rh3 52.Rxf7+ Ke6 53.Rf5 Rxh7 54.Rxg5 Rh3 55.Kf2 Rb3 56.Rf5 Ra3 57.Rf3 Ra1
58.Ke3 Re1+ 59.Kf4 Kf6 60.Rf2 Kg6 61.e5 Ra1 62.Re2 Rf1+ 63.Kg3 Rg1+ 64.Kf3 Rf1+
65.Kg2 Rf8 66.e6 Re8 67.e7 Kg5 68.Kg3 Kf6 69.Kf4 Kg7 70.Kf5 Kf7 71.Re1  1-0

[Event "Santa Clara"]
[Site "Santa Clara"]
[Date "1991.??.??"]
[Round "13"]
[White "Ulibin, Mikhail"]
[Black "Remon, Adelquis"]
[Result "1-0"]
[WhiteElo "2565"]
[BlackElo "2375"]

1.e4 c5 2.Nf3 Nc6 3.Bb5 e6 4.O-O Nge7 5.Re1 a6 6.Bf1 Ng6 7.c3 Be7 8.d4 d6
9.d5 exd5 10.exd5 Nce5 11.Nxe5 dxe5 12.a4 O-O 13.Na3 b6 14.Nc4 Bd6 15.Be3 Bb7
16.Qb3 Bxd5 17.Qxb6 Bxc4 18.Qxd8 Rfxd8 19.Bxc4 a5 20.Bg5 Ne7 21.f4 h6 22.Bh4 g5
23.fxe5 Ng6 24.exd6 Nxh4 25.Rad1 Rab8 26.d7 Ng6 27.Bb5 Kg7 28.Rd6 f6 29.Re8 Ne5
30.Re7+ Kf8 31.Rh7 Kg8 32.Rxh6 Nf7 33.Rg6+ Kh7 34.Rdxf6 Ne5 35.Rxg5  1-0

[Event "Sao Paulo op"]
[Site "Sao Paulo"]
[Date "1991.??.??"]
[Round "3"]
[White "Peralta, Eduardo"]
[Black "Panno, Oscar"]
[Result "0-1"]
[WhiteElo "2210"]
[BlackElo "2440"]

1.e4 c5 2.Nf3 Nc6 3.Bb5 e6 4.O-O Nge7 5.c3 a6 6.Ba4 b5 7.Bc2 Bb7 8.Re1 d5
9.e5 d4 10.Be4 Nd5 11.d3 dxc3 12.Nxc3 Nxc3 13.bxc3 Be7 14.Qe2 O-O 15.Bb2 Qd7
16.d4 cxd4 17.Rad1 Rfd8 18.cxd4 Nb4 19.Bb1 Rac8 20.a3 Nd5 21.Qd3 g6 22.Qd2 Nb6
23.Qh6 Nc4 24.Bc1 Bxf3 25.gxf3 Nxa3 26.Be4 Nc2 27.Rf1 Nxd4 28.Be3 Rc4 29.Kh1 Qc7  0-1

[Event "Skopje"]
[Site "Skopje"]
[Date "1991.??.??"]
[Round "5"]
[White "Ivanovic, Bozidar"]
[Black "Kocovski, Ivan"]
[Result "1-0"]
[WhiteElo "2535"]
[BlackElo "2325"]

1.e4 c5 2.Nf3 Nc6 3.Bb5 d6 4.d4 cxd4 5.Nxd4 Bd7 6.Bxc6 bxc6 7.c4 e6 8.Nc3 Nf6
9.O-O Be7 10.Nf3 Qc7 11.Bg5 e5 12.Qd3 Be6 13.Rac1 Qb8 14.b3 O-O 15.Nh4 Rd8
16.Qf3 h6 17.Nf5 Bxf5 18.Bxf6 Bg4 19.Qxg4 Bxf6 20.Rcd1 Qb4 21.Rd3 Kf8 22.Rfd1 Qa5
23.h4 Qc7 24.g3 Ke7 25.R1d2 Ke8 26.Nd1 a5 27.Ne3 a4 28.Nf5 Kf8 29.Rxd6 Rxd6
30.Rxd6 axb3 31.axb3 Rd8 32.Qd1 Rxd6 33.Qxd6+ Qxd6 34.Nxd6 Ke7 35.Nf5+ Ke6
36.h5  1-0

[Event "Skopje"]
[Site "Skopje"]
[Date "1991.??.??"]
[Round "9"]
[White "Tringov, Georgi P"]
[Black "Kocovski, Ivan"]
[Result "1-0"]
[WhiteElo "2420"]
[BlackElo "2325"]

1.e4 c5 2.Nf3 Nc6 3.Bb5 d6 4.d4 cxd4 5.Qxd4 Bd7 6.Bxc6 Bxc6 7.Nc3 Nf6 8.Bg5 e6
9.O-O-O Be7 10.Rhe1 O-O 11.Qd2 Qc7 12.Nd4 Rfc8 13.f3 a6 14.g4 b5 15.Kb1 Be8
16.Nce2 a5 17.Rc1 Rd8 18.Ng3 b4 19.Rg1 Qa7 20.Rcd1 g6 21.Nh5 Nxh5 22.gxh5 Bxg5
23.Qxg5 Qc5 24.Qh6 Qe5 25.h4 Qf6 26.hxg6 fxg6 27.h5 Ra7 28.f4 e5 29.Nc6 Bxc6
30.hxg6 Qxf4 31.gxh7+ Kh8 32.Rg8+ Rxg8 33.hxg8=Q+ Kxg8 34.Rg1+ Kf7 35.Rg7+ Ke8
36.Qe6+  1-0